Vascular endothelial growth factor gene polymorphism as a risk factor of endometriosis / (رقم التسجيلة. 45899)

تفاصيل مارك
000 -LEADER
fixed length control field 01851cam a2200349 a 4500
003 - CONTROL NUMBER IDENTIFIER
control field EG-GiCUC
005 - DATE AND TIME OF LATEST TRANSACTION
control field 20250223030957.0
008 - FIXED-LENGTH DATA ELEMENTS--GENERAL INFORMATION
fixed length control field 140428s2013 ua dh f m 000 0 eng d
040 ## - CATALOGING SOURCE
Original cataloging agency EG-GiCUC
Language of cataloging eng
Transcribing agency EG-GiCUC
041 0# - LANGUAGE CODE
Language code of text/sound track or separate title eng
049 ## - LOCAL HOLDINGS (OCLC)
Holding library Deposite
097 ## - Thesis Degree
Thesis Level Ph.D
099 ## - LOCAL FREE-TEXT CALL NUMBER (OCLC)
Classification number Cai01.11.15.Ph.D.2013.Kh.V
100 0# - MAIN ENTRY--PERSONAL NAME
Personal name Khaled Nabil Ahmed Abdelrazik
245 10 - TITLE STATEMENT
Title Vascular endothelial growth factor gene polymorphism as a risk factor of endometriosis /
Statement of responsibility, etc. Khaled Nabil Ahmed Abdelrazik ; Supervised Hisham Salah Eldin Hamza , Ahmed Mohamed Ibrahim Magdy , Wael Tharwat Elgarf
246 15 - VARYING FORM OF TITLE
Title proper/short title التعدد الشكلى لجين العامل المحفز لنمو الأوعيه الدمويه كوسيط مسئول عن داء بطانة الرحم الهاجره
260 ## - PUBLICATION, DISTRIBUTION, ETC.
Place of publication, distribution, etc. Cairo :
Name of publisher, distributor, etc. Khaled Nabil Ahmed Abdelrazik ,
Date of publication, distribution, etc. 2013
300 ## - PHYSICAL DESCRIPTION
Extent 135 P. :
Other physical details charts , facsimiles ;
Dimensions 25cm
502 ## - DISSERTATION NOTE
Dissertation note Thesis (Ph.D.) - Cairo University - Faculty of Medicine - Department of Gynecology and Obstetrics
520 ## - SUMMARY, ETC.
Summary, etc. The aim of the study to investigate the potential association between the single nucleotide polymorphism +405G{u227B}C of the vascular endothelial growth factor (VEGF) gene with the risk of endometriosis. The sample of the study was 100 Egyptian women tested for association in a case-control study of 50 affected women and 50 women with no evidence of endometriosis
530 ## - ADDITIONAL PHYSICAL FORM AVAILABLE NOTE
Additional physical form available note Issued also as CD
653 #4 - INDEX TERM--UNCONTROLLED
Uncontrolled term Endometriosis
653 #4 - INDEX TERM--UNCONTROLLED
Uncontrolled term Single nucleotide gene polymorphism
653 #4 - INDEX TERM--UNCONTROLLED
Uncontrolled term Vascular endothelial growth factor
700 0# - ADDED ENTRY--PERSONAL NAME
Personal name Ahmed Mohamed Ibrahim Magdy ,
Relator term
700 0# - ADDED ENTRY--PERSONAL NAME
Personal name Hisham Salah Eldin Hamza ,
Relator term
700 0# - ADDED ENTRY--PERSONAL NAME
Personal name Wael Tharwat Elgarf ,
Relator term
856 ## - ELECTRONIC LOCATION AND ACCESS
Uniform Resource Identifier <a href="http://172.23.153.220/th.pdf">http://172.23.153.220/th.pdf</a>
905 ## - LOCAL DATA ELEMENT E, LDE (RLIN)
Cataloger Nazla
Reviser Revisor
905 ## - LOCAL DATA ELEMENT E, LDE (RLIN)
Cataloger Samia
Reviser Cataloger
942 ## - ADDED ENTRY ELEMENTS (KOHA)
Source of classification or shelving scheme Dewey Decimal Classification
Koha item type Thesis
المقتنيات
Source of classification or shelving scheme Not for loan Home library Current library Date acquired Full call number Barcode Date last seen Koha item type Copy number
Dewey Decimal Classification   المكتبة المركزبة الجديدة - جامعة القاهرة قاعة الرسائل الجامعية - الدور الاول 11.02.2024 Cai01.11.15.Ph.D.2013.Kh.V 01010110062431000 22.09.2023 Thesis  
Dewey Decimal Classification   المكتبة المركزبة الجديدة - جامعة القاهرة مخـــزن الرســائل الجـــامعية - البدروم 11.02.2024 Cai01.11.15.Ph.D.2013.Kh.V 01020110062431000 22.09.2023 CD - Rom 62431.CD
Cairo University Libraries Portal Implemented & Customized by: Eng. M. Mohamady Contacts: new-lib@cl.cu.edu.eg | cnul@cl.cu.edu.eg
CUCL logo CNUL logo
© All rights reserved — Cairo University Libraries
CUCL logo
Implemented & Customized by: Eng. M. Mohamady Contact: new-lib@cl.cu.edu.eg © All rights reserved — New Central Library
CNUL logo
Implemented & Customized by: Eng. M. Mohamady Contact: cnul@cl.cu.edu.eg © All rights reserved — Cairo National University Library